Statistics for 2021 Billboard Number One Songs

Click here to take the quiz!

General Stats

  • This quiz has been taken 421 times
    (297 since last reset)
  • The average score is 11 of 19

Answer Stats

Week(s)SongArtist(s)% Correct
8Drivers LicenseOlivia Rodrigo
84%
1Good 4 UOlivia Rodrigo
79%
7StayThe Kid LAROI and Justin Bieber
79%
2All I Want for Christmas Is YouMariah Carey
74%
10ButterBTS
71%
2Mood24kGoldn ft. Iann Dior
70%
7Easy on MeAdele
67%
1Montero (Call Me by Your Name)Lil Nas X
67%
2Save Your TearsThe Weeknd and Ariana Grande
66%
1Industry BabyLil Nas X and Jack Harlow
65%
1PeachesJustin Bieber ft. Daniel Caesar and Giveon
61%
2Leave the Door OpenSilk Sonic (Bruno Mars and Anderson .Paak)
57%
1My UniverseColdplay and BTS
48%
1UpCardi B
43%
2RapstarPolo G
39%
1All Too Well (Taylor's Version)Taylor Swift
34%
1Way 2 SexyDrake ft. Future and Young Thug
32%
1Permission to DanceBTS
27%
1What's NextDrake
16%

Score Distribution

Percentile by Number Answered

Percent of People with Each Score

Your Score History

You have not taken this quiz since the last reset